000 00384nam a2200169 4500
005 20251204155243.0
008 CU44
020 _a9780030106491
050 _aHF 1416 CZI
100 _aMICHAEL R. CZINKOTA
245 _aGLOBAL MARKETING
260 _aPHILADELPHIA
_bDRYDEN PRESS
_c1996
300 _aXXV,648p.
500 _aindex
700 _aIKKA A. RONKAINEN
942 _2lcc
_cBK
_n0
999 _c8503
_d8503